00508 2200193 4500001002100000005001500021008004100036020001800077035001900095041000700114082001000121090001600131100001900147245005200166260004100218300003200259500001000291650001300301INLIS00000000002259620241224131321241224||||||||| | ||| |||| || |  a602-7819-96-0 0010-1224022596 aid0 a635.7 a635.7 TAU s0 aTaufik Hidayat00aSirih Merah Budidaya dan Pemanfaatan untuk Obat aYogyakartabPustaka Baru Pressc2013 a19,5x14 cm, viii, 162 hlm.; aCet.1 0aBudidaya